[Event "Girona-ch Seniors"]
[Site "Girona"]
[Date "2018.02.06"]
[Round "1.7"]
[White "Camps Torrents, Josep"]
[Black "Martinez Robles, Hermenegildo"]
[Result "0-1"]
[WhiteElo "1353"]
[BlackElo "1839"]
[PlyCount "52"]
[EventDate "2018.02.06"]
[EventType "swiss"]
[EventRounds "6"]
[EventCountry "ESP"]
[SourceTitle "EXT 2024"]
[Source "ChessBase"]
[SourceDate "2023.10.10"]
[SourceVersion "1"]
[SourceVersionDate "2023.10.10"]
[SourceQuality "1"]

1. e4 e5 2. Nf3 Nc6 3. Bc4 Nf6 4. d3 Be7 5. Ng5 0-0 6. 0-0 d6 7. Be3 h6 8. Nf3 Na5 9. Nbd2 Ng4 10. Qe2 Nxe3 11. Qxe3 Nxc4 12. Nxc4 f5 13. Ncd2 f4 14. Qe1 Qe8 15. Nb3 Qg6 16. Rd1 Bh3 17. g3 Bxf1 18. Qxf1 fxg3 19. fxg3 Rf7 20. Rd2 Bg5 21. Rf2 Be3 22. Nh4 Bxf2+ 23. Kg2 Qh5 24. Nf5 Bb6 25. Nd2 g6 26. Qf3 Qxf3+ 0-1

[Event "Girona op 5th"]
[Site "Girona"]
[Date "2014.07.15"]
[Round "1"]
[White "Castella Margarit, Joan Enric"]
[Black "Martinez Robles, Hermenegildo"]
[Result "1/2-1/2"]
[WhiteElo "1700"]
[BlackElo "1940"]
[PlyCount "56"]
[EventDate "2014.07.15"]
[EventType "swiss"]
[EventRounds "9"]
[EventCountry "ESP"]
[SourceTitle "EXT 2016"]
[Source "ChessBase"]
[SourceDate "2015.10.08"]
[SourceVersion "1"]
[SourceVersionDate "2015.10.08"]
[SourceQuality "1"]

1. d4 Nf6 2. c4 e6 3. Nc3 Bb4 4. e3 d5 5. Bd3 0-0 6. Nf3 dxc4 7. Bxc4 b6 8. 0-0 Bb7 9. a3 Be7 10. Qe2 Nc6 11. Rd1 Na5 12. Ba2 Ne4 13. Bd2 Nxd2 14. Rxd2 Bf6 15. e4 g6 16. Rc1 Bg7 17. Rcc2 Qe7 18. d5 Bxc3 19. Rxc3 exd5 20. Bxd5 Bxd5 21. Rxd5 c5 22. e5 Rfd8 23. Rxd8+ Rxd8 24. h3 Nc6 25. b4 Nd4 26. Nxd4 Rxd4 27. bxc5 bxc5 28. Re3 Qe6 1/2-1/2